Makroekonomické analýzy a systém národních účtů

Na minha lista:
Detalhes bibliográficos
Autor principal: Vavrejnová, Marie
Formato: Livro
Idioma:tcheco
Publicado em: Praha Ústřední ústav národohospodářského výzkumu 1992
Edição:1. vyd.
Colecção:Studijně rozborové a informační materiály
Assuntos:
Tags: Adicionar Tag
Sem tags, seja o primeiro a adicionar uma tag!

MARC

LEADER 00000nam a2200000 4500
001 c005503
005 20221214085900.7
041 0 |a cze 
044 |a CZ 
245 1 0 |a Makroekonomické analýzy a systém národních účtů  |c Marie Vavrejnová 
250 |a 1. vyd. 
264 1 |a Praha  |b Ústřední ústav národohospodářského výzkumu  |c 1992 
300 |a 27 s. 
490 1 |a Studijně rozborové a informační materiály 
830 0 |a Studijně rozborové a informační materiály 
610 2 0 |a výskum ekonomický 
610 2 0 |a makroekonomika 
610 2 0 |a účty národné 
610 2 0 |a analýza ekonomická 
100 1 |a Vavrejnová, Marie